|
|
|
|
| LEADER |
00000cac a2200000 a 4500 |
| 001 |
42383 |
| 003 |
Ucuenca |
| 005 |
20230308155600.0 |
| 008 |
976012|1973 sp |||||r|||||||||||spa|| |
| 040 |
|
|
|b spa
|
| 041 |
1 |
|
|a spa
|
| 082 |
0 |
|
|a 515.35
|
| 100 |
1 |
|
|a Pontriaguin, L. S.
|9 12827
|
| 245 |
|
|
|a Ecuaciones diferenciales ordinarias
|c L. S. Pontriaguin. Traducción de Luis Bravo Gala
|h imp
|
| 264 |
|
|
|a Madrid
|b Aguilar
|c 1973
|
| 300 |
|
|
|a 399 páginas:
|b tab
|c 22 cm
|
| 490 |
|
|
|a Ciencia y Técnica
|
| 504 |
|
|
|a incl. ref.
|
| 650 |
|
0 |
|a Ecuaciones diferenciales
|9 4717
|
| 852 |
|
|
|a UC-CDJBV
|f Compra
|l 1
|m General
|p 19760120
|q 376
|r 2
|t 42383
|y 36256
|b 0
|d CDRC
|e CDRC
|g 515.35 SEGUNDO PISO
|z 1976-60-12
|
| 942 |
|
|
|c CR
|0 1
|
| 999 |
|
|
|c 6494
|d 6494
|